| 000 | 00975nam a22002537a 4500 | ||
|---|---|---|---|
| 005 | 20120924121525.0 | ||
| 008 | 120924t xxu||||| |||| 00| 0 eng d | ||
| 010 | _aENG-105947 | ||
| 020 |
_a9788184554267 _c795.00 |
||
| 035 | _aEN-89480 | ||
| 037 | _bDBAD/PUB | ||
| 040 |
_aDPL _bEnglish |
||
| 082 | _a613.2 | ||
| 100 | _952554 | ||
| 245 | 0 | 0 |
_aDiet and nutrition / _cedited by Huma Zaidi |
| 260 |
_aNew Delhi _bOmega Publications _c2012 |
||
| 270 |
_a4378/4B, G-4, JMD House, Murari lal Street, Ansari Road, Daryaganj _bNew Delhi _e110002 _momega_publications@yahoo.com |
||
| 300 |
_a256p. _c22cm(Hb) |
||
| 500 | _aIncludes bibliographical references and index | ||
| 700 |
_aZaidi, Huma _952565 |
||
| 942 |
_2ddc _cEN _mDIE _h613.2 |
||
| 999 |
_c70235 _d70235 |
||